Predstratové financovanie poistením a zabezpečovacím fondom diplomová práca

Saved in:
Bibliographic Details
Main Author: Homza, Vladislav
Corporate Author: Fakulta hospodárskej informatiky EU. Katedra matematiky a aktuárstva
Other Authors: Pinda, Ľudovít, 1958-
Format: Book
Language:Slovak
Published: Bratislava 2018
Tags: Add Tag
No Tags, Be the first to tag this record!

MARC

LEADER 00000nbm a2200000 4500
001 0243603
005 20180925080829.9
041 0 |a slo 
044 |a SK 
245 1 0 |a Predstratové financovanie poistením a zabezpečovacím fondom  |b diplomová práca  |c Vladislav Homza ; školiteľ: Ľudovít Pinda 
264 1 |a Bratislava  |c 2018 
300 |a 60 s. 
100 1 |a Homza, Vladislav 
700 1 |a Pinda, Ľudovít, 1958- 
710 2 |a Fakulta hospodárskej informatiky EU. Katedra matematiky a aktuárstva